<?xml version="1.0" encoding="UTF-8"?>
<record
    xmlns:xsi="http://www.w3.org/2001/XMLSchema-instance"
    xsi:schemaLocation="http://www.loc.gov/MARC21/slim http://www.loc.gov/standards/marcxml/schema/MARC21slim.xsd"
    xmlns="http://www.loc.gov/MARC21/slim">

  <leader>00961cam a22002651  4500</leader>
  <controlfield tag="001">he 64000110 </controlfield>
  <controlfield tag="003">DLC</controlfield>
  <controlfield tag="005">20260227111424.0</controlfield>
  <controlfield tag="008">790419s1963    ag ach        000 0 yid  </controlfield>
  <datafield tag="010" ind1=" " ind2=" ">
    <subfield code="a">he 64000110 </subfield>
  </datafield>
  <datafield tag="035" ind1=" " ind2=" ">
    <subfield code="a">(OCoLC)10244143</subfield>
  </datafield>
  <datafield tag="040" ind1=" " ind2=" ">
    <subfield code="a">DLC</subfield>
    <subfield code="c">RPB</subfield>
    <subfield code="d">DLC</subfield>
  </datafield>
  <datafield tag="042" ind1=" " ind2=" ">
    <subfield code="a">premarc</subfield>
  </datafield>
  <datafield tag="050" ind1="0" ind2="0">
    <subfield code="a">PJ5129.R2</subfield>
    <subfield code="b">M43 1963</subfield>
  </datafield>
  <datafield tag="100" ind1="0" ind2=" ">
    <subfield code="a">Sholem Aleichem,</subfield>
    <subfield code="d">1859-1916.</subfield>
  </datafield>
  <datafield tag="245" ind1="1" ind2="0">
    <subfield code="a">Mena&#x1E25;em-Mendl</subfield>
    <subfield code="c">[fun] Shalom Aleikhem.  [Araynfir und red. fun Samuel Rozshanski]</subfield>
  </datafield>
  <datafield tag="260" ind1=" " ind2=" ">
    <subfield code="a">Buenos-Aires,</subfield>
    <subfield code="b">Yosef Lifshits-fond fun der literatur-gezelshaft beim Yivo</subfield>
    <subfield code="c">[1963]</subfield>
  </datafield>
  <datafield tag="300" ind1=" " ind2=" ">
    <subfield code="a">266 [3] p.</subfield>
    <subfield code="b">illus., facsims., ports.</subfield>
    <subfield code="c">19 cm.</subfield>
  </datafield>
  <datafield tag="440" ind1=" " ind2="0">
    <subfield code="a">Musterverk fun der yidisher literatur,</subfield>
    <subfield code="v">17</subfield>
  </datafield>
  <datafield tag="500" ind1=" " ind2=" ">
    <subfield code="a">Added t. p. in Spanish.</subfield>
  </datafield>
  <datafield tag="500" ind1=" " ind2=" ">
    <subfield code="a">"Tsu der kharakteristik fun Shalom Aleikhem leben un shafen": p. [213-269]</subfield>
  </datafield>
  <datafield tag="500" ind1=" " ind2=" ">
    <subfield code="a">Includes unacc. melodies.</subfield>
  </datafield>
  <datafield tag="500" ind1=" " ind2=" ">
    <subfield code="a">Added t.p.: Menachem Mendl.</subfield>
  </datafield>
  <datafield tag="700" ind1="1" ind2=" ">
    <subfield code="a">Rozshans&#x1E33;i, Shemu&#x2BC;el,</subfield>
    <subfield code="d">1902-</subfield>
    <subfield code="e">ed.</subfield>
  </datafield>
  <datafield tag="999" ind1=" " ind2=" ">
    <subfield code="c">30614</subfield>
    <subfield code="d">30614</subfield>
  </datafield>
</record>
